| 000 | 00678nam a2200253Ia 4500 | ||
|---|---|---|---|
| 003 | OSt | ||
| 005 | 20220928130710.0 | ||
| 006 | a|||||r|||| 00| 0 | ||
| 007 | ta | ||
| 008 | 220927b |||||||| |||| 00| 0 eng d | ||
| 024 | _a64570 | ||
| 037 | _cTextual | ||
| 040 |
_aSDCL _cSDCL _beng |
||
| 041 |
_2eng _aeng |
||
| 082 | _aV8:19'N, N5 | ||
| 100 |
_aEvans Gareth _9475665 |
||
| 245 | 0 | _aAustralis's foriegn relations | |
| 250 | _a2nd | ||
| 260 |
_aVictoria _bMelbourne University Press _c1995 |
||
| 300 |
_axxii,417p. _ccm. |
||
| 700 |
_a Grant Bruce _9475666 |
||
| 942 |
_hV8:19'N, N5 _cTEXL _2CC |
||
| 999 |
_c788168 _d788168 |
||